Missing Word: 'D' Pairs Quiz Stats

Quiz Updated Jul 10, 2012

Challenge
Share
Tweet
Embed
Score 0/16 Timer 02:00
2 Plays Today
One and... the other % Correct
Cats and ____Dogs
99%
Dumb and ____Dumber
98%
____ and Goliath David
97%
Chip and ____Dale
95.1%
Nickel and ____Dime
90.8%
____ and DragonsDungeons
89.9%
Food and ____Drink
84%
____ and TotoDorothy
82.6%
One and... the other % Correct
____ and PearlsDiamonds
80.5%
Samson and ____Delilah
60.7%
Lucille and ____Desi
41.6%
Blondie and ____Dagwood
40%
Black and ____Decker
33.5%
Pixie and ____Dixie
28.1%
Othello and ____Desdemona
22.4%
____ and MuttleyDastardly
17.6%

Today's Daily Dose

You're not logged in!

Compare scores with friends on all Sporcle quizzes.
Sign Up with Email
OR
Log In

You Might Also Like...

Show Comments

Extras

Top Quizzes Today


Score Distribution

Your Account Isn't Verified!

In order to create a playlist on Sporcle, you need to verify the email address you used during registration. Go to your Sporcle Settings to finish the process.

Report this User

Report this user for behavior that violates our Community Guidelines.

Details: